000 00818nab a2200253 u 4500
001 15268
003 HDC
007 cr bn ---aaaaa
008 210217c20150427my dr|nes 0 a may d
040 _aHDC
100 _aHafiz Ithnin
_eauthor
_97623
245 0 _aPacu potensi PKS / oleh
_cHafiz Ithnin
260 _aKuala Lumpur :
_bThe New Straits Times Press (M) Bhd.,
_c2015
336 _atext
_2rdacontent
337 _acomputer
_2rdamedia
338 _aonline resource
_2rdacarrier
650 _aEntrepreneurs
_951
650 _aSME fund
_915527
710 _aHarian Metro
856 _zRequest full-text at [email protected]
942 _2lcc
942 _cNEWS
942 _kNWSC 005773
999 _c12584
_d12584